Эрүүл мэндийн анхан шатны тусламж үйлчилгээний байгууллагын хүний нөөцийн тогтвортой байдлын судалгаа // (Record no. 34446)

MARC details
000 -LEADER
fixed length control field 01654nam a22003497a 4500
003 - CONTROL NUMBER IDENTIFIER
control field OSt
005 - DATE AND TIME OF LATEST TRANSACTION
control field 20260420171358.0
008 - FIXED-LENGTH DATA ELEMENTS--GENERAL INFORMATION
fixed length control field 250404b mp ||||| |||| 00| 0 mon d
022 ## - INTERNATIONAL STANDARD SERIAL NUMBER
International Standard Serial Number 992981318
040 ## - CATALOGING SOURCE
Original cataloging agency Эрүүл Мэндийн Шинжлэх ухааны төв номын сан
Language of cataloging mon
Description conventions rda
082 ## - DEWEY DECIMAL CLASSIFICATION NUMBER
Edition number 21
Classification number 610
Item number Н 276
100 ## - MAIN ENTRY--PERSONAL NAME
Personal name Намуун, Г.
Relator term судлаач
9 (RLIN) 49133
245 ## - TITLE STATEMENT
Title Эрүүл мэндийн анхан шатны тусламж үйлчилгээний байгууллагын хүний нөөцийн тогтвортой байдлын судалгаа //
264 ## - PRODUCTION, PUBLICATION, DISTRIBUTION, MANUFACTURE, AND COPYRIGHT NOTICE
Place of production, publication, distribution, manufacture Улаанбаатар
Date of production, publication, distribution, manufacture, or copyright notice 2021
300 ## - PHYSICAL DESCRIPTION
Extent Х.241-245
440 ## - SERIES STATEMENT/ADDED ENTRY--TITLE
Title Эрүүл Мэндийн Шинжлэх Ухаан:
Volume/sequential designation 2021 Vol. 17, №6 (62)
9 (RLIN) 64992
546 ## - LANGUAGE NOTE
Хэл монгол
Information code or alphabet кирилл
653 #4 - INDEX TERM--UNCONTROLLED
Uncontrolled term хүний нөөц
Uncontrolled term ажилласан жил
Uncontrolled term тогтвортой байдал
Uncontrolled term өрхийн эмт
Uncontrolled term сумын эмт
Uncontrolled term сдэ
700 0# - ADDED ENTRY--PERSONAL NAME
Personal name Намуун, Г.
Relator term судлаач
9 (RLIN) 49133
Personal name Даваалхам, Д.
Relator term судлаач
9 (RLIN) 3407
Personal name Батмандуул, Э.
Relator term судлаач
9 (RLIN) 48871
Personal name Пүрэвгэрэл, А.
Relator term судлаач
9 (RLIN) 43090
Personal name Хоролсүрэн, Л.
Relator term судлаач
9 (RLIN) 70773
710 ## - ADDED ENTRY--CORPORATE NAME
Corporate name or jurisdiction name as entry element Анагаахын Шинжлэх Ухааны Үндэсний Их Сургууль
9 (RLIN) 41530
Relator term НЭМС
856 ## - Цахимаар унших
Цахимаар унших <a href="http://library.mnums.edu.mn/cgi-bin/koha/opac-detail.pl?biblionumber=31050">http://library.mnums.edu.mn/cgi-bin/koha/opac-detail.pl?biblionumber=31050</a>
Public note ЭРҮҮЛ МЭНДИЙН ШИНЖЛЭХ УХААН 2021 Vol. 17, №6 (62)
942 ## - ADDED ENTRY ELEMENTS (KOHA)
Source of classification or shelving scheme Dewey Decimal Classification
Koha item type Сэтгүүлийн өгүүлэл
Holdings
Date last seen Total Checkouts Full call number Price effective from Koha item type Lost status Source of classification or shelving scheme Damaged status Not for loan Withdrawn status Home library Current library Shelving location Date acquired
04/13/2026   610 Н 276 04/13/2026 Сэтгүүлийн өгүүлэл   Dewey Decimal Classification       Эрдэм шинжилгээний номын сан Эрдэм шинжилгээний номын сан Тогтмол хэвлэлийн уншлагын танхим №1 04/13/2026